000 00316 a2200157 4500
001 160274
020 _a
040 _cMagnum
100 _aTelles, Carlos Queiroz
240 1 0 _aO tatu garimpeiro
_lpor
245 1 0 _aO tatu garimpeiro
362 0 _a1899
440 1 _aFTD
697 _aIJ/ANIMAIS
942 _cBK
999 _c160274
_d160274